| 000 | 00502nam a2200205Ia 4500 | ||
|---|---|---|---|
| 003 | OSt | ||
| 005 | 20251203093559.0 | ||
| 008 | 210210b1965 xxu||||| |||| 00| 0 eng d | ||
| 040 | _cAL | ||
| 041 | _aeng | ||
| 082 | _a291.61092 MITW | ||
| 100 |
_aNemisharan Mital _9247324 |
||
| 245 | _aModern guru and guru cults | ||
| 260 |
_aN D _bFamily Books Pvt Ltd _c1965 |
||
| 300 | _a136p | ||
| 650 |
_aGuru Cults _9247325 |
||
| 690 |
_aComparative Religion _9247326 |
||
| 906 | _a045544 | ||
| 942 |
_2ddc _cBK |
||
| 999 |
_c95255 _d95255 |
||